| 000 | 00655cam a2200229 4500 | ||
|---|---|---|---|
| 001 | ABS62708 | ||
| 008 | 000000n2000 000 0 eng u | ||
| 035 | _a(Sirsi) u107946 | ||
| 245 | _aRegional survey: Lancashire and Cumbria | ||
| 260 | _c2000 | ||
| 490 |
_aProperty Week _v65(32) 18 August 2000, 36-46(5) |
||
| 590 | _aABS | ||
| 650 | _aLANCASHIRE | ||
| 650 | _aCUMBRIA | ||
| 650 | _aWHITEHAVEN | ||
| 650 | _aPRESTON | ||
| 650 | _aCHORLEY | ||
| 650 | _aPROPERTY-COMMERCIAL PROPERTY-OFFICE PROPERTY-OFFICE PROPERTY MARKET | ||
| 650 | _aINDUSTRIAL MARKET | ||
| 690 | _aPROPERTY-COMMERCIAL PROPERTY-COMMERCIAL PROPERTY MARKET | ||
| 942 | _n0 | ||
| 999 |
_c64481 _d64481 |
||